| 000 | 01297cam a2200337 a 4500 | ||
|---|---|---|---|
| 001 | 15640019 | ||
| 003 | NUST - PNEC | ||
| 005 | 20170116180749.0 | ||
| 008 | 090226s2009 maua b 001 0 eng | ||
| 010 | _a 2009008593 | ||
| 015 |
_aGBA976420 _2bnb |
||
| 016 | 7 |
_a015341367 _2Uk |
|
| 020 | _a9780262033848 (hardcover : alk. paper) | ||
| 020 | _a0262033844 (hardcover : alk. paper) | ||
| 035 | _a(OCoLC)ocn311310321 | ||
| 040 |
_aDLC _cLIBRARY |
||
| 050 | 0 | 0 |
_aQA76.6 _b.C662 2009 |
| 082 | 0 | 0 |
_a005.1 COR _222 |
| 100 |
_91563 _aCormen Thomas H. |
||
| 245 | 0 | 0 |
_aIntroduction to algorithms / _cThomas H. Cormen |
| 250 | _a3rd ed. | ||
| 260 |
_aCambridge, Mass. : _bMIT Press, _cc2009. |
||
| 300 |
_axix, 1292 p. : _bill. ; _c24 cm. |
||
| 504 | _aIncludes bibliographical references (p. [1231]-1249) and index. | ||
| 650 | 0 |
_aComputer programming. _xMIS, Computer |
|
| 650 | 0 | _aComputer algorithms. | |
| 856 | _uhttp://www.amazon.com/Introduction-Algorithms-3rd-Thomas-Cormen/dp/0262033844/ref=sr_1_1?s=books&ie=UTF8&qid=1425296677&sr=1-1&keywords=9780262033848 | ||
| 906 |
_a7 _bcbc _corignew _d1 _eecip _f20 _gy-gencatlg |
||
| 942 |
_2ddc _cBK |
||
| 999 |
_c62465 _d62465 |
||